Taveninová elektrochémia železanov dizertačná práca

Salvato in:
Dettagli Bibliografici
Autore principale: Hrnčiariková, Lucia
Natura: Libro
Lingua:slovacco
Pubblicazione: Bratislava STU FCHPT 2013
Accesso online:Visualizza in OPAC
Tags: Aggiungi Tag
Nessun Tag, puoi essere il primo ad aggiungerne!!

MARC

LEADER 00000nam a2200000 a 4500
005 20260127134148.0
008 150218 2013 000 0 slo d
035 |a vtls010655394 
039 9 |y 201502180920  |z mschk03 
040 |a STUSCHK1  |b slo  |c STUSCHK1  |e AACR2 
100 1 |a Hrnčiariková, Lucia 
245 1 |a Taveninová elektrochémia železanov  |b dizertačná práca  |c Lucia Hrnčiariková 
260 |a Bratislava  |b STU FCHPT  |c 2013 
300 |a 142 s.  |b il.  |c 30 cm 
500 |a Študijný program a odbor: anorganické technológie a materiály 
500 |a Školiace pracovisko: Odd. anorganickej technológie 
910 |a SCHK95 
999 |c 5521  |d 5521